<?xml version="1.0" encoding="UTF-8"?>
<record
    xmlns:xsi="http://www.w3.org/2001/XMLSchema-instance"
    xsi:schemaLocation="http://www.loc.gov/MARC21/slim http://www.loc.gov/standards/marcxml/schema/MARC21slim.xsd"
    xmlns="http://www.loc.gov/MARC21/slim">

  <leader>03416nam a22002657a 4500</leader>
  <controlfield tag="005">20220218115003.0</controlfield>
  <controlfield tag="008">220216b           ||||| |||| 00| 0 eng d</controlfield>
  <datafield tag="020" ind1=" " ind2=" ">
    <subfield code="a">9392935293</subfield>
  </datafield>
  <datafield tag="040" ind1=" " ind2=" ">
    <subfield code="c">Aloy</subfield>
  </datafield>
  <datafield tag="041" ind1=" " ind2=" ">
    <subfield code="a">kan</subfield>
  </datafield>
  <datafield tag="082" ind1=" " ind2=" ">
    <subfield code="2">23</subfield>
    <subfield code="a">079.54K</subfield>
    <subfield code="b">PADP</subfield>
  </datafield>
  <datafield tag="100" ind1=" " ind2=" ">
    <subfield code="a">Sibanthi Padmanabha K V: &#xCB8;&#xCBF;&#xCAC;&#xC82;&#xCA4;&#xCBF; &#xCAA;&#xCA6;&#xCCD;&#xCAE;&#xCA8;&#xCBE;&#xCAD; &#xC95;&#xCC6; &#xCB5;&#xCBF; </subfield>
    <subfield code="9">20839</subfield>
  </datafield>
  <datafield tag="245" ind1=" " ind2=" ">
    <subfield code="a">Patrikodyama Pravesha: &#xCAA;&#xCA4;&#xCCD;&#xCB0;&#xCBF;&#xC95;&#xCCB;&#xCA6;&#xCCD;&#xCAF;&#xCAE; &#xCAA;&#xCCD;&#xCB0;&#xCB5;&#xCC7;&#xCB6; </subfield>
  </datafield>
  <datafield tag="260" ind1=" " ind2=" ">
    <subfield code="a">Bengaluru</subfield>
    <subfield code="b">Vasanta Prakashana</subfield>
    <subfield code="c">2021</subfield>
  </datafield>
  <datafield tag="300" ind1=" " ind2=" ">
    <subfield code="a">xiii,146 p.</subfield>
    <subfield code="b">PB</subfield>
    <subfield code="c">21x14 cm.</subfield>
  </datafield>
  <datafield tag="365" ind1=" " ind2=" ">
    <subfield code="2">Journalism</subfield>
    <subfield code="a">BLCR-000121</subfield>
    <subfield code="b">120.00</subfield>
    <subfield code="c">&#x20B9;</subfield>
    <subfield code="d">96.00</subfield>
    <subfield code="e">&#x20B9;</subfield>
    <subfield code="f">15-02-2022</subfield>
  </datafield>
  <datafield tag="440" ind1=" " ind2=" ">
    <subfield code="a">Madhyama Adhyayana Praveshike: &#xCAE;&#xCBE;&#xCA7;&#xCCD;&#xCAF;&#xCAE; &#xC85;&#xCA7;&#xCCD;&#xCAF;&#xCAF;&#xCA8; &#xCAA;&#xCCD;&#xCB0;&#xCB5;&#xCC7;&#xCB6;&#xCBF;&#xC95;&#xCC6;-1</subfield>
    <subfield code="9">20337</subfield>
  </datafield>
  <datafield tag="520" ind1=" " ind2=" ">
    <subfield code="a">&#xCB9;&#xCCA;&#xCB8; &#xCA4;&#xCB2;&#xCC6;&#xCAE;&#xCBE;&#xCB0;&#xCBF;&#xCA8; &#xCAA;&#xCA4;&#xCCD;&#xCB0;&#xCBF;&#xC95;&#xCCB;&#xCA6;&#xCCD;&#xCAF;&#xCAE; &#xCAE;&#xCC7;&#xCB7;&#xCCD;&#xC9F;&#xCCD;&#xCB0;&#xCC1;&#xC97;&#xCB3; &#xCAA;&#xCC8;&#xC95;&#xCBF; &#xC85;&#xCA4;&#xCCD;&#xCAF;&#xC82;&#xCA4; &#xCAD;&#xCB0;&#xCB5;&#xCB8;&#xCC6; &#xCB9;&#xCC1;&#xC9F;&#xCCD;&#xC9F;&#xCBF;&#xCB8;&#xCBF;&#xCB0;&#xCC1;&#xCB5; &#xCAC;&#xCB0;&#xCB9;&#xC97;&#xCBE;&#xCB0;, &#xCAE;&#xCBE;&#xCA4;&#xCC1;&#xC97;&#xCBE;&#xCB0;, &#xC85;&#xCA7;&#xCCD;&#xCAF;&#xCBE;&#xCAA;&#xC95; &#x2013; &#xCB8;&#xCBF;&#xCAC;&#xC82;&#xCA4;&#xCBF; &#xCAA;&#xCA6;&#xCCD;&#xCAE;&#xCA8;&#xCBE;&#xCAD;. &#xCA6;&#xC95;&#xCCD;&#xCB7;&#xCBF;&#xCA3; &#xC95;&#xCA8;&#xCCD;&#xCA8;&#xCA1; &#xCAE;&#xCC2;&#xCB2;&#xCA6; &#xCB8;&#xCBF;&#xCAC;&#xC82;&#xCA4;&#xCBF; &#xCA4;&#xCC1;&#xCAE;&#xC95;&#xCC2;&#xCB0;&#xCC1; &#xCB5;&#xCBF;&#xCB5;&#xCBF;&#xCAF;&#xCB2;&#xCCD;&#xCB2;&#xCBF; &#xCAA;&#xCA4;&#xCCD;&#xCB0;&#xCBF;&#xC95;&#xCCB;&#xCA6;&#xCCD;&#xCAF;&#xCAE; &#xC86;&#xCB0;&#xC82;&#xCAD;&#xCB5;&#xCBE;&#xCA6;&#xCBE;&#xC97;&#xCBF;&#xCA8;&#xCBF;&#xC82;&#xCA6;&#xCB2;&#xCC2; &#xC85;&#xCA6;&#xCB0; &#xC95;&#xCB0;&#xCCD;&#xCA3;&#xCA7;&#xCBE;&#xCB0;&#xCA4;&#xCCD;&#xCB5; &#xCB5;&#xCB9;&#xCBF;&#xCB8;&#xCBF;&#xCA6;&#xCB5;&#xCB0;&#xCC1;. &#xCAA;&#xCA4;&#xCCD;&#xCB0;&#xCBF;&#xC95;&#xCBE;&#xCB5;&#xCC3;&#xCA4;&#xCCD;&#xCA4;&#xCBF;&#xCAF; &#xC86;&#xCB3;&#xC85;&#xC97;&#xCB2;&#xC97;&#xCB3;&#xCA8;&#xCCD;&#xCA8;&#xCC1; &#xCB8;&#xCCD;&#xCB5;&#xCA4;&#xC83; &#xC85;&#xCB0;&#xCBF;&#xCA4;&#xCBF;&#xCB0;&#xCC1;&#xCB5; &#xC85;&#xCB5;&#xCB0;&#xCC1; &#xCAA;&#xCBE;&#xCA0;&#xCAE;&#xCBE;&#xCA1;&#xCC1;&#xCB5;&#xCC1;&#xCA6;&#xCB7;&#xCCD;&#xC9F;&#xCC7; &#xC85;&#xCB2;&#xCCD;&#xCB2; &#xCB8;&#xCAE;&#xC95;&#xCBE;&#xCB2;&#xCC0;&#xCA8; &#xCB5;&#xCBF;&#xC9A;&#xCBE;&#xCB0;&#xC97;&#xCB3; &#xCAC;&#xC97;&#xCCD;&#xC97;&#xCC6; &#xC86;&#xC97;&#xCBE;&#xC97; &#xCAC;&#xCB0;&#xCC6;&#xCAF;&#xCC1;&#xCA4;&#xCCD;&#xCA4;&#xCBE;&#xCB0;&#xCC6;. &#xCAF;&#xCBE;&#xCB0;&#xCC2; &#xC97;&#xCAE;&#xCA8;&#xCBF;&#xCB8;&#xCA6; &#xCB5;&#xCBF;&#xCB7;&#xCAF;&#xC97;&#xCB3;&#xCA8;&#xCCD;&#xCA8;&#xCC1; &#xC8E;&#xCA4;&#xCCD;&#xCA4;&#xCBF; &#xCB9;&#xCC7;&#xCB3;&#xCC1;&#xCA4;&#xCCD;&#xCA4;&#xCBE;&#xCB0;&#xCC6;. &#xC87;&#xC82;&#xCA6;&#xCBF;&#xCA8; &#xCB9;&#xCB2;&#xCB5;&#xCC1; &#xCAE;&#xCBE;&#xCA7;&#xCCD;&#xCAF;&#xCAE;&#xC97;&#xCB3;&#xCA8;&#xCCD;&#xCA8;&#xCC1; &#xCB8;&#xC95;&#xCBE;&#xCB0;&#xCBE;&#xCA4;&#xCCD;&#xCAE;&#xC95;&#xCB5;&#xCBE;&#xC97;&#xCBF; &#xCAC;&#xCB3;&#xCB8;&#xCC1;&#xCA4;&#xCCD;&#xCA4; &#xCB5;&#xCBF;&#xCA6;&#xCCD;&#xCAF;&#xCBE;&#xCB0;&#xCCD;&#xCA5;&#xCBF;&#xC97;&#xCB3;&#xCBF;&#xC97;&#xCC6; &#xCAE;&#xCBE;&#xCA6;&#xCB0;&#xCBF;&#xCAF;&#xCBE;&#xC97;&#xCBF;&#xCA6;&#xCCD;&#xCA6;&#xCBE;&#xCB0;&#xCC6;. &#x2018;&#xCAA;&#xCA4;&#xCCD;&#xCB0;&#xCBF;&#xC95;&#xCCB;&#xCA6;&#xCCD;&#xCAF;&#xCAE; &#xCAA;&#xCCD;&#xCB0;&#xCB5;&#xCC7;&#xCB6;&#x2019;- &#xCAE;&#xCBE;&#xCA7;&#xCCD;&#xCAF;&#xCAE;&#xCB0;&#xC82;&#xC97; &#xCAA;&#xCCD;&#xCB0;&#xCB5;&#xCC7;&#xCB6;&#xCBF;&#xCB8;&#xCB2;&#xCC1; &#xC89;&#xCA4;&#xCCD;&#xCB8;&#xCC1;&#xC95;&#xCB0;&#xCBE;&#xC97;&#xCBF;&#xCB0;&#xCC1;&#xCB5;&#xCB5;&#xCB0;&#xCBF;&#xC97;&#xCC6; &#xCAE;&#xCCA;&#xCA6;&#xCB2; &#xCAA;&#xCBE;&#xCA0;. &#xCB9;&#xCCA;&#xCB8; &#xCB0;&#xCBE;&#xCB7;&#xCCD;&#xC9F;&#xCCD;&#xCB0;&#xCC0;&#xCAF; &#xCB6;&#xCBF;&#xC95;&#xCCD;&#xCB7;&#xCA3;&#xCA8;&#xCC0;&#xCA4;&#xCBF; &#xC9C;&#xCBE;&#xCB0;&#xCBF;&#xC97;&#xCCA;&#xC82;&#xCA1;&#xCBF;&#xCB0;&#xCC1;&#xCB5; &#xC88; &#xCB8;&#xC82;&#xCA6;&#xCB0;&#xCCD;&#xCAD;&#xCA6;&#xCB2;&#xCCD;&#xCB2;&#xCBF; &#xCAA;&#xCA4;&#xCCD;&#xCB0;&#xCBF;&#xC95;&#xCCB;&#xCA6;&#xCCD;&#xCAF;&#xCAE; &#xCAA;&#xCCD;&#xCB0;&#xCB5;&#xCC7;&#xCB6; &#xCAC;&#xCAF;&#xCB8;&#xCC1;&#xCB5;&#xCB5;&#xCB0;&#xCBF;&#xC97;&#xCC6; &#xC87;&#xC82;&#xCA5;&#xCA6;&#xCCA;&#xC82;&#xCA6;&#xCC1; &#xCAA;&#xCC1;&#xCB8;&#xCCD;&#xCA4;&#xC95; &#xCA4;&#xCC1;&#xCB0;&#xCCD;&#xCA4;&#xCBE;&#xC97;&#xCBF; &#xCAC;&#xCC7;&#xC95;&#xCBE;&#xC97;&#xCBF;&#xCA4;&#xCCD;&#xCA4;&#xCC1;. &#xC88; &#xCA8;&#xCBF;&#xCB0;&#xCCD;&#xCB5;&#xCBE;&#xCA4;&#xCB5;&#xCA8;&#xCCD;&#xCA8;&#xCC1; &#xCA4;&#xCC1;&#xC82;&#xCAC;&#xCBF;&#xCA6;&#xCCD;&#xCA6;&#xC95;&#xCCD;&#xC95;&#xCC6; &#xCB8;&#xCBF;&#xCAC;&#xC82;&#xCA4;&#xCBF;&#xCAF;&#xCB5;&#xCB0;&#xCA8;&#xCCD;&#xCA8;&#xCC1; &#xC85;&#xCAD;&#xCBF;&#xCA8;&#xC82;&#xCA6;&#xCBF;&#xCB8;&#xCC1;&#xCA4;&#xCCD;&#xCA4;&#xCC7;&#xCA8;&#xCC6;. &#xCAE;&#xCC1;&#xC82;&#xCA6;&#xCBF;&#xCA8; &#xCA6;&#xCBF;&#xCA8;&#xC97;&#xCB3;&#xCBF;&#xC97;&#xCC2; &#xC85;&#xC97;&#xCA4;&#xCCD;&#xCAF;&#xCB5;&#xCBE;&#xCA6; &#xCAA;&#xCA0;&#xCCD;&#xCAF;&#xC97;&#xCB3;&#xCA8;&#xCCD;&#xCA8;&#xCC1; &#xC95;&#xCA8;&#xCCD;&#xCA8;&#xCA1;&#xCA6;&#xCB2;&#xCCD;&#xCB2;&#xCBF; &#xCB0;&#xC9A;&#xCBF;&#xCB8;&#xCBF;&#xC95;&#xCCA;&#xCA1;&#xCAC;&#xCC7;&#xC95;&#xCC6;&#xC82;&#xCA6;&#xCC1; &#xC92;&#xCA4;&#xCCD;&#xCA4;&#xCBE;&#xCAF;&#xCBF;&#xCB8;&#xCC1;&#xCA4;&#xCCD;&#xCA4;&#xCC7;&#xCA8;&#xCC6;.</subfield>
  </datafield>
  <datafield tag="650" ind1=" " ind2=" ">
    <subfield code="a">Patrikodyamada Itihasa: &#xCAA;&#xCA4;&#xCCD;&#xCB0;&#xCBF;&#xC95;&#xCCB;&#xCA6;&#xCCD;&#xCAF;&#xCAE;&#xCA6; &#xC87;&#xCA4;&#xCBF;&#xCB9;&#xCBE;&#xCB8; </subfield>
    <subfield code="9">20338</subfield>
  </datafield>
  <datafield tag="650" ind1=" " ind2=" ">
    <subfield code="a">Kannada Patrikodhyama:  &#xC95;&#xCA8;&#xCCD;&#xCA8;&#xCA1; &#xCAA;&#xCA4;&#xCCD;&#xCB0;&#xCBF;&#xC95;&#xCCB;&#xCA6;&#xCCD;&#xCAF;&#xCAE; </subfield>
    <subfield code="9">20339</subfield>
  </datafield>
  <datafield tag="650" ind1=" " ind2=" ">
    <subfield code="a">Patrikodyamada Shakhegalu: &#xCAA;&#xCA4;&#xCCD;&#xCB0;&#xCBF;&#xC95;&#xCCB;&#xCA6;&#xCCD;&#xCAF;&#xCAE;&#xCA6;  &#xCB6;&#xCBE;&#xC96;&#xCC6;&#xC97;&#xCB3;&#xCC1; </subfield>
    <subfield code="9">20340</subfield>
  </datafield>
  <datafield tag="650" ind1=" " ind2=" ">
    <subfield code="a">Vyaktiyagi Patrikodyama:  &#xCB5;&#xCCD;&#xCAF;&#xC95;&#xCCD;&#xCA4;&#xCBF;&#xCAF;&#xCBE;&#xC97;&#xCBF; &#xCAA;&#xCA4;&#xCCD;&#xCB0;&#xCBF;&#xC95;&#xCCB;&#xCA6;&#xCCD;&#xCAF;&#xCAE; </subfield>
    <subfield code="9">20341</subfield>
  </datafield>
  <datafield tag="700" ind1=" " ind2=" ">
    <subfield code="a">PADMANABHA (Sibanti K V): &#xCAA;&#xCA6;&#xCCD;&#xCAE;&#xCA8;&#xCBE;&#xCAD; (&#xCB8;&#xCBF;&#xCAC;&#xC82;&#xCA4;&#xCBF;  &#xC95;&#xCC6; &#xCB5;&#xCBF;)</subfield>
    <subfield code="9">20342</subfield>
  </datafield>
  <datafield tag="942" ind1=" " ind2=" ">
    <subfield code="2">ddc</subfield>
    <subfield code="c">BK</subfield>
  </datafield>
  <datafield tag="999" ind1=" " ind2=" ">
    <subfield code="c">221527</subfield>
    <subfield code="d">221527</subfield>
  </datafield>
  <datafield tag="952" ind1=" " ind2=" ">
    <subfield code="0">0</subfield>
    <subfield code="1">0</subfield>
    <subfield code="2">ddc</subfield>
    <subfield code="4">0</subfield>
    <subfield code="7">0</subfield>
    <subfield code="8">JR</subfield>
    <subfield code="a">AL</subfield>
    <subfield code="b">AL</subfield>
    <subfield code="d">2022-02-16</subfield>
    <subfield code="e">Navakarnataka Publications Pvt Ltd Mangaluru-575001</subfield>
    <subfield code="g">96.00</subfield>
    <subfield code="l">0</subfield>
    <subfield code="o">079.54K PADP</subfield>
    <subfield code="p">075472</subfield>
    <subfield code="r">2022-02-16 00:00:00</subfield>
    <subfield code="v">120.00</subfield>
    <subfield code="w">2022-02-16</subfield>
    <subfield code="y">BK</subfield>
  </datafield>
</record>
